00410nam a2200157Ia 4500003000400000008004100004040001600045082001300061100001900074245005200093260004400145300001000189490001600199650001500215650002200230GCL140319s9999 xx 000 0 eng d aGCL / cGCL04a843bB E1 aBALZAC, HONORE10aETUDE DE LA PEAU DE CHAGRINE / cBALZAC, HONORE a[S.N] : bMARABOUT UNIVERSITE ، c1994 a218 P aMARABOUTv004aLITERATURE04aFRENCH LITERATURE